000
00307nam a22001337a 4500
008
260428b ||||| |||| 00| 0 eng d
020
_a
9789951022392
041
_a
Shqip
080
_a
821.1
100
_a
20
101
_a
Poezi
245
_a
Thërras gjërat e harruara
_c
Jeton Kelmendi
942
_2
udc
_c
BK
999
_c
61010
_d
61010